000 00661nam a22001817a 4500
005 20251108172503.0
008 250721s1992 xx 000 0 ara d
082 1 4 _a216.22/كان
100 1 _aالكاندهلوي، محمد زكريا بن الشيخ الكبير المحدث الفقيه محمد يحي
245 1 0 _aمكانة الصلاة في الإسلام وأهميتها في حياة المسلم /
264 1 _aبيروت :
_bدار الجيل،
_c1992.
300 _a112 ص.
650 1 7 _aالإسلام
650 1 7 _aالصلاة
700 1 _aالندوي، أبي الحسن علي الحسني
942 _2ddc
_cBK
999 _c80593
_d80593